| 000 | 00426nam a22001337a 4500 | ||
|---|---|---|---|
| 999 |
_c528928 _d528928 |
||
| 003 | NUST | ||
| 038 | _aMSOHAIL | ||
| 082 |
_a627 _bZAF |
||
| 100 |
_aHaseeb Zafar _920768 |
||
| 245 | _aApplication of Semi-Distributed model for Hydrological assessment under changing Climates: A case study of Panjkora river catchment. (MS Thesis - WRE &M.) | ||
| 260 |
_aIslamabad _bNUST-NICE _c2019 |
||
| 300 |
_ap;69,; _c30cm |
||
| 942 |
_2ddc _cPR |
||